[Event "Open San Miguel Grupo B"]
[Site "Trevias ESP"]
[Date "2007.09.22"]
[Round "6.12"]
[White "Martinez Rodriguez, Ezequiel"]
[Black "Menendez Solar, Jose Carlos"]
[Result "0-1"]
[WhiteElo "1913"]
[BlackElo "1925"]
[PlyCount "88"]
[EventDate "2007.09.17"]
[EventType "swiss"]
[EventCountry "ESP"]
[Source "lmi"]
[SourceDate "2007.09.17"]

1. b4 e6 2. Bb2 Nf6 3. a3 c5 4. b5 d5 5. e3 Bd6 6. Nf3 Nbd7 7. c4 O-O 8. d4
cxd4 9. exd4 dxc4 10. Bxc4 Nb6 11. Bd3 Bd7 12. O-O Rc8 13. Nbd2 Qe7 14. Re1 Rc7
15. Ne5 Rfc8 16. Ndf3 Be8 17. h4 Nbd5 18. Ng5 h6 19. Ne4 Nxe4 20. Rxe4 f5 21.
Re1 Qxh4 22. g3 Qf6 23. Qb3 Bxe5 24. Rxe5 Bf7 25. a4 Qg5 26. Rae1 Qd2 27. R5e2
Qb4 28. Qxb4 Nxb4 29. Bb1 Nd5 30. Rd2 Rc4 31. Ba2 Rxa4 32. Bxd5 exd5 33. Re7
Ra5 34. Rde2 Kf8 35. Rxb7 Re8 36. Rc2 Re7 37. Rc8+ Be8 38. Rbb8 Kf7 39. Rd8
Re1+ 40. Kg2 Bxb5 41. Rf8+ Kg6 42. Rbd8 Ra2 43. Rd6+ Kg5 44. Kh3 Bf1+ 0-1

[Event "Open San Miguel Grupo B"]
[Site "Trevias ESP"]
[Date "2007.09.23"]
[Round "7.1"]
[White "Arias Rodriguez, Santiago"]
[Black "Vega Viejo, Marcelino"]
[Result "1/2-1/2"]
[WhiteElo "2166"]
[BlackElo "2093"]
[PlyCount "87"]
[EventDate "2007.09.17"]
[EventType "swiss"]
[EventCountry "ESP"]
[Source "lmi"]
[SourceDate "2007.09.17"]

1. e4 e5 2. Nf3 Nc6 3. Bb5 a6 4. Ba4 Nf6 5. O-O Be7 6. Re1 b5 7. Bb3 d6 8. c3
O-O 9. h3 Na5 10. Bc2 c5 11. d4 Qc7 12. Nbd2 Nc6 13. d5 Nd8 14. Nf1 Bd7 15. Bg5
c4 16. Ng3 Nb7 17. Qd2 Qd8 18. b4 a5 19. a3 Ne8 20. Bxe7 Qxe7 21. Nf5 Bxf5 22.
exf5 axb4 23. axb4 Nf6 24. Ng5 h6 25. Ne4 Nxe4 26. Bxe4 Qg5 27. Qc2 Rfb8 28. g3
Qd8 29. Qb2 f6 30. h4 Qc8 31. Kg2 Nd8 32. Rh1 Rxa1 33. Rxa1 Ra8 34. Ra2 Rxa2
35. Qxa2 Qb7 36. Qa5 Nf7 37. g4 Kf8 38. Kg3 Ke7 39. f3 Kd7 40. Kf2 Kc8 41. Kg3
Kb8 42. Kg2 Kc8 43. Kg3 Nd8 44. Kg2 1/2-1/2

[Event "Open San Miguel Grupo B"]
[Site "Trevias ESP"]
[Date "2007.09.23"]
[Round "7.2"]
[White "Fidalgo Fernandez, Lucia"]
[Black "Fabre Masana, Miguel"]
[Result "1/2-1/2"]
[WhiteElo "2068"]
[BlackElo "2159"]
[PlyCount "38"]
[EventDate "2007.09.17"]
[EventType "swiss"]
[EventCountry "ESP"]
[Source "lmi"]
[SourceDate "2007.09.17"]

1. d4 d5 2. c4 Nc6 3. Nc3 dxc4 4. e3 e5 5. d5 Nce7 6. Bxc4 Nf6 7. Qa4+ Bd7 8.
Qb3 Nf5 9. Nf3 e4 10. Nd4 Nd6 11. Ncb5 Be7 12. Nxd6+ Bxd6 13. Nb5 Qe7 14. Bd2
O-O 15. Nxd6 cxd6 16. Bc3 Rac8 17. Bd4 b5 18. Be2 Rc7 19. O-O Rfc8 1/2-1/2

[Event "Open San Miguel Grupo B"]
[Site "Trevias ESP"]
[Date "2007.09.23"]
[Round "7.3"]
[White "Fernandez Torre, Ivan"]
[Black "Arias Torio, Sergio"]
[Result "1/2-1/2"]
[WhiteElo "2146"]
[BlackElo "2153"]
[PlyCount "42"]
[EventDate "2007.09.17"]
[EventType "swiss"]
[EventCountry "ESP"]
[Source "lmi"]
[SourceDate "2007.09.17"]

1. e4 c5 2. Nf3 Nc6 3. c3 e6 4. d4 d5 5. exd5 exd5 6. Bb5 Bd6 7. O-O Nge7 8.
dxc5 Bxc5 9. Nbd2 Bg4 10. h3 Bh5 11. Nb3 Bb6 12. Bf4 O-O 13. Be2 Re8 14. Nfd4
Bxe2 15. Nxe2 Nf5 16. Ng3 Qh4 17. Nxf5 Qxf4 18. Nfd4 Nxd4 19. Nxd4 Bxd4 20.
cxd4 g6 21. Qa4 h5 1/2-1/2

[Event "Open San Miguel Grupo B"]
[Site "Trevias ESP"]
[Date "2007.09.23"]
[Round "7.4"]
[White "Sierra Canosa, Francisco"]
[Black "Montes Gutierrez, Ignacio"]
[Result "1-0"]
[WhiteElo "2123"]
[BlackElo "2084"]
[PlyCount "65"]
[EventDate "2007.09.17"]
[EventType "swiss"]
[EventCountry "ESP"]
[Source "lmi"]
[SourceDate "2007.09.17"]

1. e4 e6 2. d4 d5 3. e5 c5 4. c3 Qb6 5. Nf3 Bd7 6. a3 Bb5 7. b4 cxb4 8. Bxb5+
Qxb5 9. cxb4 a5 10. Nc3 Qc4 11. Qa4+ Nd7 12. Bd2 Kd8 13. bxa5 Nb6 14. Qb5 Qxb5
15. Nxb5 Nc4 16. Bb4 Nh6 17. Ke2 f6 18. Rhc1 Nf7 19. Nd2 Rc8 20. Nxc4 dxc4 21.
f4 g5 22. g3 Bh6 23. Kf3 gxf4 24. gxf4 fxe5 25. dxe5 Bf8 26. Ra2 Bxb4 27. axb4
Ke7 28. Rac2 Nd8 29. Nd6 Rc7 30. Rxc4 Rd7 31. Rc7 Rf8 32. b5 Nc6 33. Rxd7+ 1-0

[Event "Open San Miguel Grupo B"]
[Site "Trevias ESP"]
[Date "2007.09.23"]
[Round "7.5"]
[White "Aparicio Garcia, Enrique"]
[Black "Lobo Rodriguez, Jesus Angel"]
[Result "1-0"]
[WhiteElo "2179"]
[BlackElo "2201"]
[PlyCount "69"]
[EventDate "2007.09.17"]
[EventType "swiss"]
[EventCountry "ESP"]
[Source "lmi"]
[SourceDate "2007.09.17"]

1. Nc3 c5 2. e4 e6 3. Nge2 Nc6 4. g3 a6 5. Bg2 Nge7 6. O-O g6 7. d3 Bg7 8. Be3
d6 9. Qd2 O-O 10. Bh6 Nd4 11. Bxg7 Kxg7 12. Nd1 e5 13. Ne3 Qc7 14. f4 f5 15.
Rae1 fxe4 16. dxe4 Be6 17. c3 Nxe2+ 18. Qxe2 Kh8 19. Qd3 c4 20. Qd2 Rad8 21.
Rd1 Qc5 22. Kh1 exf4 23. gxf4 Nc6 24. f5 gxf5 25. exf5 Bxf5 26. Nxf5 Rxf5 27.
Rxf5 Qxf5 28. Bxc6 bxc6 29. Qd4+ Kg8 30. Rg1+ Kf7 31. Qg7+ Ke6 32. Re1+ Qe5 33.
Qg4+ Kd5 34. Rxe5+ dxe5 35. Qd1+ 1-0

[Event "Open San Miguel Grupo B"]
[Site "Trevias ESP"]
[Date "2007.09.23"]
[Round "7.6"]
[White "Martinez Riesgo, Jesus"]
[Black "Iglesias Valle, Julian"]
[Result "0-1"]
[WhiteElo "2021"]
[BlackElo "2169"]
[PlyCount "94"]
[EventDate "2007.09.17"]
[EventType "swiss"]
[EventCountry "ESP"]
[Source "lmi"]
[SourceDate "2007.09.17"]

1. e4 d6 2. d4 c6 3. f4 Nf6 4. Bd3 e5 5. c3 Qb6 6. Nf3 Bg4 7. Nbd2 Nbd7 8. Nc4
Qc7 9. fxe5 dxe5 10. dxe5 Bxf3 11. Qxf3 Nxe5 12. Nxe5 Qxe5 13. Bf4 Qh5 14.
O-O-O Qxf3 15. gxf3 b5 16. Rhg1 Nh5 17. Be3 a6 18. e5 g6 19. Be4 Rc8 20. Bg5
Bc5 21. Bxc6+ Kf8 22. Bh6+ Ke7 23. Bg5+ Kf8 24. Bb7 Rc7 25. Rge1 Kg7 26. Bxa6
b4 27. Rd8 Rxd8 28. Bxd8 Rd7 29. Rd1 Ra7 30. cxb4 Be3+ 31. Kc2 Rxa6 32. Kb3 Nf4
33. a4 Ne6 34. Bf6+ Kh6 35. Ra1 Nd4+ 36. Kc4 Nc2 37. Ra2 Rc6+ 38. Kb3 Bd2 39.
b5 Nd4+ 40. Ka3 Rc4 41. b3 Bc1+ 42. Rb2 Rc2 43. b6 Rxb2 44. a5 Rxb3+ 45. Ka4
Ra3+ 46. Kb4 Nc6+ 47. Kb5 Nxa5 0-1

[Event "Open San Miguel Grupo B"]
[Site "Trevias ESP"]
[Date "2007.09.23"]
[Round "7.9"]
[White "Marcos Pinto, Luis"]
[Black "Oria Blasco, Alberto"]
[Result "1/2-1/2"]
[WhiteElo "2015"]
[BlackElo "2016"]
[PlyCount "63"]
[EventDate "2007.09.17"]
[EventType "swiss"]
[EventCountry "ESP"]
[Source "lmi"]
[SourceDate "2007.09.17"]

1. e4 c5 2. Nf3 e6 3. c3 d5 4. exd5 Qxd5 5. d4 Nf6 6. Be2 Nc6 7. O-O Be7 8. Be3
b6 9. dxc5 Bxc5 10. Qxd5 Nxd5 11. Bxc5 bxc5 12. Nbd2 Rb8 13. Rab1 Nf4 14. Bc4
Na5 15. b3 Bb7 16. Rfe1 Ke7 17. Re5 Bxf3 18. gxf3 Rhc8 19. Rd1 f6 20. Re4 g5
21. Rde1 Rb6 22. Bf1 Rd8 23. Ra4 Rxd2 24. Rxa5 Rb7 25. Rxc5 Rxa2 26. b4 Rc2 27.
Rd1 Rd7 28. Rxd7+ Kxd7 29. c4 Ra2 30. Rb5 Kc7 31. Rc5+ Kb7 32. Rb5+ 1/2-1/2

[Event "Open San Miguel Grupo B"]
[Site "Trevias ESP"]
[Date "2007.09.23"]
[Round "7.11"]
[White "Fernandez Fernandez, Alfredo"]
[Black "Garcia-Monteavaro Rodriguez, Carl"]
[Result "1-0"]
[WhiteElo "1969"]
[BlackElo "2084"]
[PlyCount "57"]
[EventDate "2007.09.17"]
[EventType "swiss"]
[EventCountry "ESP"]
[Source "lmi"]
[SourceDate "2007.09.17"]

1. e4 e6 2. d3 b6 3. Nf3 Bb7 4. Nbd2 g6 5. c3 Bg7 6. Qc2 c5 7. Be2 Ne7 8. O-O
Nbc6 9. Re1 O-O 10. Nf1 d5 11. Bf4 e5 12. Bg3 d4 13. a4 Qd6 14. N1d2 Ba6 15.
cxd4 Nxd4 16. Nxd4 Qxd4 17. Qc3 Nc6 18. Nc4 Rad8 19. Rad1 f6 20. Bf1 Rf7 21.
Qxd4 Rxd4 22. f4 Bxc4 23. dxc4 Rfd7 24. Be2 Na5 25. fxe5 fxe5 26. Bg4 Rxd1 27.
Rxd1 Rxd1+ 28. Bxd1 Nxc4 29. Bb3 1-0

[Event "Open San Miguel. Grupo C"]
[Site "Trevias ESP"]
[Date "2007.09.18"]
[Round "2.1"]
[White "Vega Velasco, Carlos"]
[Black "Arias Garcia, David"]
[Result "0-1"]
[WhiteElo "1718"]
[BlackElo "1912"]
[PlyCount "58"]
[EventDate "2007.09.17"]
[EventType "swiss"]
[EventCountry "ESP"]
[Source "lmi"]
[SourceDate "2007.09.17"]

1. e4 c5 2. Nf3 Nc6 3. d4 cxd4 4. Nxd4 Nf6 5. Nc3 d6 6. f3 e5 7. Nb3 Be6 8. Be3
Be7 9. Nd2 d5 10. exd5 Nxd5 11. Nxd5 Bxd5 12. Bc4 O-O 13. Bxd5 Qxd5 14. O-O
Rfd8 15. Ne4 Qb5 16. Qc1 Nd4 17. Bxd4 Rxd4 18. c3 Rd7 19. Qc2 Rad8 20. Rfd1 a6
21. Rxd7 Qxd7 22. Re1 g6 23. Qc1 f5 24. Ng3 Bc5+ 25. Kh1 Qd2 26. h3 Bf2 27.
Qxd2 Rxd2 28. Ne4 fxe4 29. Rxe4 Bg3 0-1

[Event "Open San Miguel. Grupo C"]
[Site "Trevias ESP"]
[Date "2007.09.18"]
[Round "2.2"]
[White "Martinez Garcia, Jose Luis"]
[Black "Fernandez-Velasco Climent, Albert"]
[Result "1-0"]
[WhiteElo "1886"]
[BlackElo "1785"]
[PlyCount "107"]
[EventDate "2007.09.17"]
[EventType "swiss"]
[EventCountry "ESP"]
[Source "lmi"]
[SourceDate "2007.09.17"]

1. e4 c5 2. Nf3 Nc6 3. d4 cxd4 4. Nxd4 g6 5. Nc3 Bg7 6. Be3 Nf6 7. f3 Qb6 8.
Nf5 Qxb2 9. Nxg7+ Kf8 10. Na4 Qa3 11. c3 b6 12. Bh6 Kg8 13. Bc4 Ne5 14. Qb3
Qxb3 15. Bxb3 Nd3+ 16. Kd2 Ba6 17. c4 Ne5 18. Nc3 Bxc4 19. Rac1 Bxb3 20. axb3
e6 21. Nb5 d5 22. exd5 Nxd5 23. Rhe1 f6 24. Nxe6 Kf7 25. Nf4 Nxf4 26. Bxf4
Rad8+ 27. Ke2 Nd3 28. Rc7+ Ke6 29. Bg3 Nxe1 30. Bxe1 a6 31. Nc3 h5 32. Ne4 f5
33. Ng5+ Kd6 34. Bg3+ Kd5 35. Nf7 Rhe8+ 36. Kd3 Ke6+ 37. Nxd8+ Rxd8+ 38. Kc2 g5
39. Rc6+ Kd5 40. Rxb6 f4 41. Be1 Re8 42. Kd2 Re3 43. Bf2 Re6 44. Rxe6 Kxe6 45.
Kd3 Kd5 46. Kc3 g4 47. Kb4 Kc6 48. Ka5 Kb7 49. b4 h4 50. Bxh4 g3 51. hxg3 fxg3
52. Bxg3 Ka8 53. Bf2 Kb7 54. g4 1-0

[Event "Open San Miguel. Grupo C"]
[Site "Trevias ESP"]
[Date "2007.09.19"]
[Round "3.1"]
[White "Arias Garcia, David"]
[Black "Fernandez Nieto, Diego"]
[Result "1/2-1/2"]
[WhiteElo "1912"]
[BlackElo "1808"]
[PlyCount "60"]
[EventDate "2007.09.17"]
[EventType "swiss"]
[EventCountry "ESP"]
[Source "lmi"]
[SourceDate "2007.09.17"]

1. d4 Nf6 2. c4 e6 3. Nf3 Bb4+ 4. Bd2 a5 5. g3 b6 6. Bg2 Bb7 7. O-O O-O 8. Nc3
Re8 9. Rc1 d6 10. Qc2 Nbd7 11. Rfd1 Rb8 12. h4 e5 13. d5 Rf8 14. a3 Bxc3 15.
Bxc3 Ra8 16. b4 a4 17. Ne1 Ra7 18. Nd3 Ne8 19. c5 Bc8 20. Ba1 Qe7 21. c6 Ndf6
22. Nb2 Bg4 23. Rd2 Bh5 24. Nxa4 Ng4 25. Qb3 f5 26. Rf1 g5 27. hxg5 Qxg5 28. f4
Qh6 29. Rdd1 Bg6 30. Rf3 e4 1/2-1/2

[Event "Open San Miguel. Grupo C"]
[Site "Trevias ESP"]
[Date "2007.09.19"]
[Round "3.3"]
[White "Marcos Robles, Juan Antonio"]
[Black "Vega Velasco, Carlos"]
[Result "1-0"]
[WhiteElo "1836"]
[BlackElo "1718"]
[PlyCount "55"]
[EventDate "2007.09.17"]
[EventType "swiss"]
[EventCountry "ESP"]
[Source "lmi"]
[SourceDate "2007.09.17"]

1. f4 d5 2. Nf3 Nc6 3. e3 Bf5 4. Be2 Nf6 5. O-O e6 6. d3 Bc5 7. c3 O-O 8. b4
Bb6 9. Nd4 Ne7 10. a4 c5 11. Nxf5 Nxf5 12. a5 Bc7 13. bxc5 Bxa5 14. g4 Ne7 15.
Bd2 Nd7 16. d4 h6 17. Bd3 f5 18. Qf3 fxg4 19. Qxg4 Nf5 20. Kh1 Bc7 21. Rg1 Nf6
22. Qg2 Qe7 23. Na3 a6 24. Nc2 Qf7 25. Rab1 Rab8 26. c4 Qh5 27. Bxf5 Rf7 28.
Bg6 1-0

[Event "Open San Miguel. Grupo C"]
[Site "Trevias ESP"]
[Date "2007.09.20"]
[Round "4.1"]
[White "Martinez Garcia, Jose Luis"]
[Black "Arias Garcia, David"]
[Result "1/2-1/2"]
[WhiteElo "1886"]
[BlackElo "1912"]
[PlyCount "43"]
[EventDate "2007.09.17"]
[EventType "swiss"]
[EventCountry "ESP"]
[Source "lmi"]
[SourceDate "2007.09.17"]

1. e4 c5 2. Nf3 Nc6 3. d4 cxd4 4. Nxd4 Nf6 5. Nc3 d6 6. Be3 e5 7. Nb3 Be6 8.
Bg5 Be7 9. Be2 Nxe4 10. Nxe4 Bxg5 11. Nxd6+ Kf8 12. Nxb7 Qc7 13. Qd6+ Qxd6 14.
Nxd6 Nb4 15. Bd3 Nxd3+ 16. cxd3 Rd8 17. Ne4 Be7 18. Ke2 f5 19. Nec5 Bd5 20.
Rac1 Kf7 21. f3 Rc8 22. Rhd1 1/2-1/2

[Event "Open San Miguel. Grupo C"]
[Site "Trevias ESP"]
[Date "2007.09.20"]
[Round "4.2"]
[White "Fernandez Nieto, Diego"]
[Black "Marcos Robles, Juan Antonio"]
[Result "1/2-1/2"]
[WhiteElo "1808"]
[BlackElo "1836"]
[PlyCount "43"]
[EventDate "2007.09.17"]
[EventType "swiss"]
[EventCountry "ESP"]
[Source "lmi"]
[SourceDate "2007.09.17"]

1. d4 Nf6 2. c4 g6 3. Nc3 d5 4. cxd5 Nxd5 5. Bd2 Bg7 6. e4 Nxc3 7. Bxc3 O-O 8.
Rc1 c6 9. Nf3 Bg4 10. Be2 Nd7 11. h3 Bxf3 12. Bxf3 Nb6 13. O-O e6 14. Re1 Qd7
15. Qd3 Rfd8 16. Red1 Na4 17. Be2 Qe7 18. Qc2 Nxc3 19. Qxc3 Rac8 20. b4 Qh4 21.
e5 Qe7 22. Bf3 1/2-1/2

[Event "Open San Miguel. Grupo C"]
[Site "Trevias ESP"]
[Date "2007.09.21"]
[Round "5.1"]
[White "Marcos Robles, Juan Antonio"]
[Black "Martinez Garcia, Jose Luis"]
[Result "1-0"]
[WhiteElo "1836"]
[BlackElo "1886"]
[PlyCount "55"]
[EventDate "2007.09.17"]
[EventType "swiss"]
[EventCountry "ESP"]
[Source "lmi"]
[SourceDate "2007.09.17"]

1. e4 c5 2. Nf3 d6 3. d4 cxd4 4. Nxd4 Nf6 5. Nc3 a6 6. Be2 e5 7. Nb3 Be7 8. Bg5
Nbd7 9. O-O O-O 10. a4 b6 11. Bf3 Bb7 12. Qd3 Rc8 13. Rfd1 Rc7 14. Rac1 Qa8 15.
Be3 Rfc8 16. Nd2 Nc5 17. Bxc5 Rxc5 18. Nd5 Bxd5 19. exd5 Qb7 20. Ne4 Nxe4 21.
Bxe4 Bg5 22. Bxh7+ Kf8 23. Bf5 R8c7 24. Ra1 g6 25. Bxg6 fxg6 26. Qxg6 Be7 27.
Ra3 Bh4 28. Qh6+ 1-0

[Event "Open San Miguel. Grupo C"]
[Site "Trevias ESP"]
[Date "2007.09.21"]
[Round "5.2"]
[White "Fernandez Lopez, Marcos"]
[Black "Fernandez Nieto, Diego"]
[Result "1-0"]
[WhiteElo "1867"]
[BlackElo "1808"]
[PlyCount "53"]
[EventDate "2007.09.17"]
[EventType "swiss"]
[EventCountry "ESP"]
[Source "lmi"]
[SourceDate "2007.09.17"]

1. d4 Nf6 2. Nf3 e6 3. e3 d5 4. Bd3 c5 5. b3 Nc6 6. O-O cxd4 7. exd4 Bd7 8.
Nbd2 Bd6 9. Bb2 O-O 10. Ne5 Qc7 11. f4 Nb4 12. Qf3 Nxd3 13. Qxd3 Rac8 14. Rac1
Bc6 15. c4 Qb8 16. c5 Bc7 17. b4 Nd7 18. b5 Nxe5 19. fxe5 Be8 20. a4 f6 21. Qh3
Bf7 22. exf6 gxf6 23. Rxf6 Kh8 24. Rcf1 Bg8 25. Qh6 Rfe8 26. Rf7 Bxh2+ 27. Kh1
1-0

[Event "Open San Miguel. Grupo C"]
[Site "Trevias ESP"]
[Date "2007.09.21"]
[Round "5.3"]
[White "Prieto Busto, Gonzalo"]
[Black "Arias Garcia, David"]
[Result "0-1"]
[WhiteElo "1838"]
[BlackElo "1912"]
[PlyCount "97"]
[EventDate "2007.09.17"]
[EventType "swiss"]
[EventCountry "ESP"]
[Source "lmi"]
[SourceDate "2007.09.17"]

1. Nf3 Nf6 2. g3 b6 3. Bg2 Bb7 4. O-O e6 5. d3 Be7 6. e4 d6 7. Ne1 d5 8. e5
Nfd7 9. f4 c5 10. Qg4 g6 11. c4 Nf8 12. Nc3 h5 13. Qe2 Qd7 14. b3 Na6 15. Bb2
O-O-O 16. Nb5 Kb8 17. d4 Nc7 18. Nxc7 Qxc7 19. Nf3 Nd7 20. Rac1 dxc4 21. Qxc4
Bd5 22. Qd3 Qb7 23. dxc5 Nxc5 24. Qe2 Ne4 25. Bd4 h4 26. Bf2 Nxf2 27. Qxf2 Bc5
28. Rxc5 bxc5 29. Qxc5 hxg3 30. hxg3 Bxf3 31. Bxf3 Qb6 32. Qxb6+ axb6 33. Rf2
Rd3 34. Kg2 Rhd8 35. Be2 Rd2 36. a4 Kc7 37. Kf3 Rb2 38. Bc4 Rxf2+ 39. Kxf2 Kc6
40. g4 Kc5 41. f5 Kd4 42. fxe6 fxe6 43. Bxe6 Kxe5 44. Bc4 Kf4 45. Bf7 g5 46.
Be6 Rd6 47. Bf5 Rc6 48. Ke2 Rc3 49. Be6 0-1

[Event "Open San Miguel. Grupo C"]
[Site "Trevias ESP"]
[Date "2007.09.22"]
[Round "6.1"]
[White "Arias Garcia, David"]
[Black "Fernandez Lopez, Marcos"]
[Result "1-0"]
[WhiteElo "1912"]
[BlackElo "1867"]
[PlyCount "101"]
[EventDate "2007.09.17"]
[EventType "swiss"]
[EventCountry "ESP"]
[Source "lmi"]
[SourceDate "2007.09.17"]

1. e4 g6 2. d4 Bg7 3. Nf3 c6 4. Nc3 d6 5. Be2 Nf6 6. O-O O-O 7. Re1 Qc7 8. e5
dxe5 9. Nxe5 Rd8 10. Bf4 Qb6 11. Qc1 Nd5 12. Nxd5 cxd5 13. c3 Nc6 14. Bd3 Be6
15. Qd2 Rac8 16. h4 Nxe5 17. Bxe5 Bxe5 18. Rxe5 Re8 19. Rae1 Rc7 20. h5 Bg4 21.
hxg6 fxg6 22. Qf4 Bc8 23. Rxd5 Rf8 24. Qg3 Qf6 25. Rde5 Kh8 26. R5e3 Rc6 27.
Rxe7 Be6 28. Qe5 Qxe5 29. Rxe5 Bxa2 30. Rxb7 Rb6 31. Rxa7 Rxb2 32. Re2 Rxe2 33.
Bxe2 Bd5 34. c4 Be4 35. f3 Bc2 36. Kf2 Rd8 37. Ke3 Rb8 38. Kd2 Bf5 39. c5 Rb2+
40. Ke3 Rb3+ 41. Kf4 Rb2 42. Re7 Rd2 43. Ke3 Rc2 44. g4 Rc3+ 45. Kf4 Bb1 46.
Ke5 Rc2 47. Bd3 Rc1 48. Bxb1 Rxb1 49. c6 Kg8 50. Kd6 Rb8 51. c7 1-0

[Event "Open San Miguel. Grupo C"]
[Site "Trevias ESP"]
[Date "2007.09.22"]
[Round "6.4"]
[White "Fernandez Nieto, Diego"]
[Black "Fernandez-Velasco Climent, Albert"]
[Result "0-1"]
[WhiteElo "1808"]
[BlackElo "1785"]
[PlyCount "56"]
[EventDate "2007.09.17"]
[EventType "swiss"]
[EventCountry "ESP"]
[Source "lmi"]
[SourceDate "2007.09.17"]

1. d4 e6 2. c4 d5 3. Nc3 Ne7 4. Nf3 g6 5. Bf4 Bg7 6. Rc1 c6 7. e3 O-O 8. b4
dxc4 9. Bxc4 Nd5 10. Nxd5 exd5 11. Bb3 a5 12. b5 a4 13. Bc2 Qa5+ 14. Qd2 Qxd2+
15. Kxd2 cxb5 16. Bxb8 Rxb8 17. Rb1 Bd7 18. Bd3 Rfc8 19. Bxb5 Bc6 20. Rhc1 Ra8
21. Bxc6 bxc6 22. Rb6 Bf8 23. Rbxc6 Rxc6 24. Rxc6 Rb8 25. Kc3 a3 26. Ne5 Rb2
27. Nd7 Bb4+ 28. Kd3 Rd2# 0-1

[Event "Open San Miguel. Grupo C"]
[Site "Trevias ESP"]
[Date "2007.09.23"]
[Round "7.3"]
[White "Prieto Busto, Gonzalo"]
[Black "Fernandez-Velasco Climent, Albert"]
[Result "0-1"]
[WhiteElo "1838"]
[BlackElo "1785"]
[PlyCount "83"]
[EventDate "2007.09.17"]
[EventType "swiss"]
[EventCountry "ESP"]
[Source "lmi"]
[SourceDate "2007.09.17"]

1. Nf3 d5 2. g3 Nc6 3. Bg2 e5 4. d3 Be6 5. O-O h6 6. Nbd2 Qd7 7. e4 O-O-O 8.
Re1 dxe4 9. dxe4 g5 10. c3 Nge7 11. Qc2 Ng6 12. Nb3 f5 13. Bxg5 hxg5 14. Rad1
Bd6 15. Nc5 Qe7 16. Nxe6 Qxe6 17. exf5 Qf6 18. fxg6 Rdg8 19. Nd2 Rxg6 20. Ne4
Qe6 21. Nxd6+ cxd6 22. Be4 Rf6 23. f3 Kc7 24. g4 Rfh6 25. a3 Ne7 26. Re2 d5 27.
Qb3 Rd8 28. Bc2 Qf6 29. Re3 Qf4 30. Rde1 Qxh2+ 31. Kf1 Qh1+ 32. Ke2 Qg2+ 33.
Kd1 Rh2 34. Kc1 Nc6 35. R3e2 Qg3 36. Rxh2 Qxe1+ 37. Bd1 Qe3+ 38. Kb1 Na5 39.
Rh7+ Kb8 40. Qc2 Nc4 41. Rh2 Qb6 42. Qb3 0-1